000 00205nam a2200085Ia 4500
008 120527s9999 xx 000 0 und d
100 _aZuckerman,j.j
245 _aTin and malignant celll growth.
942 _cBK
999 _c24010
_d24010